000 00835nam a2200289 u 4500
003 UPN
005 20240322134711.0
008 190918t2006 sp a ar ||| 1|spa d
020 _a8426358985
020 _a9788426358981
035 _aUPN01000232922
040 _aMX-MxUPN
_bspa
_cMX-MxUPN
041 _aspa
050 4 _bPN1525
_aC37 2006
100 1 _aCareaga Castrillo, Pilar
_942959
245 1 3 _aLos regalos de América
260 _aEspaña :
_bEdelvives,
_c©2006.
300 _a[10] páginas :
_bilustraciones
490 0 _aDeditos ;
_v16
600 1 2 _937897
_aColón, Cristóbal,
_d1451-1506
650 4 _910247
_aRimas infantiles
700 1 _943135
_aAlonso Díaz-Toledo, Juan Ramón,
_d1951-
_eilustrador
902 _bMaríaRobles/220324
905 _aInfantil
942 _n0
_2lcc
_cLIBRO
999 _c205017
_d205017